Ministres de L' Intérieur français - Mort subite - Statistiques

Statistiques générales
  • Ce quiz a été pris 120 fois
  • Le résultat moyen est 8 sur 10
Answers on the Grid
Answers color-coded by a green-red scale on the quiz's grid according to % correct below.
Bruno Retailleau
Gérald Darmanin
Christophe Castaner
Gérard Collomb
Manuel Valls
Bernard Cazeneuve
Brice Hortefeux
Nicolas Sarkozy
Dominique de Villepin
Jean-Louis Debré
François Hollande
Emmanuel Macron
Elisabeth Borne
Gabriel Attal
Roselyne Bachelot
Michel Barnier
François Bayrou
Sébastien Lecornu
Rachida Dati
Jean Castex
 
Statistiques - réponses
Réponse % Correct
Bruno Retailleau
88%
Gérald Darmanin
86%
Christophe Castaner
82%
Bernard Cazeneuve
76%
Gérard Collomb
75%
Manuel Valls
75%
Nicolas Sarkozy
71%
Brice Hortefeux
69%
Jean-Louis Debré
66%
Dominique de Villepin
64%
Aucun quiz correspondant
Distribution des résultats
% des personnes avec chaque résultat
Percentile par nombre de réponses
Votre historique - résultats
Vous n’avez pas pris ce quiz